KFZ-Kennzeichen mit zwei Buchstaben - Statistiken

Allgemein
  • Dieses Quiz wurde 183 mal gespielt
    165 seit der letzten Aktualisierung
  • Das Durchschnittsergebnis liegt bei 116 aus 299
Antwortstatistiken
Abkürzung Bundesland Stadt oder Landkreis % Korrekt
AC Nordrhein-Westfalen Aachen
93%
AB Bayern Aschaffenburg
80%
DD Sachsen Dresden
80%
BI Nordrhein-Westfalen Bielefeld
75%
DO Nordrhein-Westfalen Dortmund
73%
BO Nordrhein-Westfalen Bochum
72%
FL Schleswig-Holstein Flensburg
72%
FG Sachsen Freiberg
72%
HH Hansestadt Hamburg
72%
BN Nordrhein-Westfalen Bonn
70%
DU Nordrhein-Westfalen Duisburg
70%
KI Schleswig-Holstein Kiel
70%
AA Baden-Württemberg Aalen
68%
AN Bayern Ansbach
68%
DA Hessen Darmstadt
68%
EF Thüringen Erfurt
68%
FR Baden-Württemberg Freiburg im Breisgau
68%
HB Hansestadt Bremen
68%
Bayern Fürth
67%
Niedersachsen Göttingen
67%
BA Bayern Bamberg
65%
GI Hessen Gießen
65%
KA Baden-Württemberg Karlsruhe
65%
UL Baden-Württemberg Ulm
65%
BS Niedersachsen Braunschweig
63%
KO Rheinland-Pfalz Koblenz
63%
OF Hessen Offenbach am Main
63%
WI Hessen Wiesbaden
63%
CE Niedersachsen Celle
62%
GE Nordrhein-Westfalen Gelsenkirchen
62%
PB Nordrhein-Westfalen Paderborn
62%
SB Saarland Saarbrücken
62%
BT Bayern Bayreuth
60%
CO Bayern Coburg
60%
KS Hessen Kassel
60%
MA Baden-Württemberg Mannheim
60%
PA Bayern Passau
60%
AM Bayern Amberg
58%
CB Brandenburg Cottbus
58%
FF Brandenburg Frankfurt (Oder)
58%
KR Nordrhein-Westfalen Krefeld
58%
MD Sachsen-Anhalt Magdeburg
58%
MG Nordrhein-Westfalen Mönchengladbach
58%
MS Nordrhein-Westfalen Münster
58%
PF Baden-Württemberg Pforzheim
58%
RV Baden-Württemberg Ravensburg
58%
SI Nordrhein-Westfalen Siegen
58%
TR Rheinland-Pfalz Trier
58%
Bayern Würzburg
58%
Bayern Altötting
57%
BB Baden-Württemberg Böblingen
57%
ER Bayern Erlangen
57%
HU Hessen Hanau
57%
HD Baden-Württemberg Heidelberg
57%
HI Niedersachsen Hildesheim
57%
IN Bayern Ingolstadt
57%
AW Rheinland-Pfalz Landkreis Ahrweiler
57%
MZ Rheinland-Pfalz Mainz
57%
GT Nordrhein-Westfalen Gütersloh
55%
UN Nordrhein-Westfalen Unna
55%
CW Baden-Württemberg Calw
53%
ED Bayern Erding
53%
ES Baden-Württemberg Esslingen am Neckar
53%
FD Hessen Fulda
53%
OB Nordrhein-Westfalen Oberhausen
53%
OL Niedersachsen Oldenburg
53%
OS Niedersachsen Osnabrück
53%
Baden-Württemberg Tübingen
53%
HN Baden-Württemberg Heilbronn
52%
LU Rheinland-Pfalz Ludwigshafen am Rhein
52%
MM Bayern Memmingen
52%
MI Nordrhein-Westfalen Minden
52%
RT Baden-Württemberg Reutlingen
52%
RO Bayern Rosenheim
52%
GL Nordrhein-Westfalen Bergisch Gladbach
50%
HA Nordrhein-Westfalen Hagen
50%
HO Bayern Hof (Saale)
50%
KL Rheinland-Pfalz Kaiserslautern
50%
LA Bayern Landshut
50%
NE Nordrhein-Westfalen Neuss
50%
PI Schleswig-Holstein Pinneberg
50%
BZ Sachsen Bautzen
48%
DN Nordrhein-Westfalen Düren
48%
HL Schleswig-Holstein Hansestadt Lübeck
48%
MH Nordrhein-Westfalen Mülheim an der Ruhr
48%
RS Nordrhein-Westfalen Remscheid
48%
AZ Rheinland-Pfalz Alzey
47%
BC Baden-Württemberg Biberach an der Riß
47%
GP Baden-Württemberg Göppingen
47%
GG Hessen Groß-Gerau
47%
HX Nordrhein-Westfalen Höxter
47%
LL Bayern Landsberg am Lech
47%
LP Nordrhein-Westfalen Lippstadt
47%
Baden-Württemberg Lörrach
47%
PE Niedersachsen Peine
47%
PL Sachsen Plauen
47%
RE Nordrhein-Westfalen Recklinghausen
47%
WO Rheinland-Pfalz Worms
47%
ZW Rheinland-Pfalz Zweibrücken
47%
AK Rheinland-Pfalz Altenkirchen (Westerwald)
45%
AP Thüringen Apolda
45%
EU Nordrhein-Westfalen Euskirchen
45%
GS Niedersachsen Goslar
45%
GZ Bayern Günzburg
45%
IZ Schleswig-Holstein Itzehoe
45%
KE Bayern Kempten (Allgäu)
45%
LM Hessen Limburg an der Lahn
45%
LG Niedersachsen Lüneburg
45%
OE Nordrhein-Westfalen Olpe
45%
SW Bayern Schweinfurt
45%
SG Nordrhein-Westfalen Solingen
45%
EM Baden-Württemberg Emmendingen
43%
HM Niedersachsen Hameln
43%
LB Baden-Württemberg Ludwigsburg
43%
MR Hessen Marburg
43%
MY Rheinland-Pfalz Mayen
43%
RW Baden-Württemberg Rottweil
43%
SO Nordrhein-Westfalen Soest
43%
VS Baden-Württemberg Villingen-Schwenningen
43%
AU Sachsen Aue-Bad Schlema
42%
HG Hessen Bad Homburg vor der Höhe
42%
DE Sachsen-Anhalt Dessau-Roßlau
42%
DI Hessen Dieburg
42%
EI Bayern Eichstätt
42%
EA Thüringen Eisenach
42%
FO Bayern Forchheim
42%
FB Hessen Friedberg (Hessen)
42%
IL Thüringen Ilmenau
42%
LD Rheinland-Pfalz Landau in der Pfalz
42%
OA Bayern Landkreis Oberallgäu
42%
RA Baden-Württemberg Rastatt
42%
SP Rheinland-Pfalz Speyer
42%
CR Baden-Württemberg Crailsheim
40%
EN Nordrhein-Westfalen Ennepe
40%
FS Bayern Freising
40%
HF Nordrhein-Westfalen Herford
40%
KN Baden-Württemberg Konstanz
40%
GW Mecklenburg-Vorpommern Landkreis Greifswald
40%
LI Bayern Lindau (Bodensee)
40%
ME Nordrhein-Westfalen Mettmann
40%
NU Bayern Neu-Ulm
40%
PS Rheinland-Pfalz Pirmasens
40%
SZ Niedersachsen Salzgitter
40%
SN Mecklenburg-Vorpommern Schwerin
40%
WE Thüringen Weimar
40%
SE Schleswig-Holstein Bad Segeberg
38%
HP Hessen Heppenheim (Bergstraße)
38%
KU Bayern Kulmbach
38%
NK Saarland Neunkirchen
38%
Bayern Nördlingen
38%
SR Bayern Straubing
38%
TS Bayern Traunstein
38%
UE Niedersachsen Uelzen
38%
FN Baden-Württemberg Friedrichshafen
37%
GF Niedersachsen Gifhorn
37%
NF Schleswig-Holstein Landkreis Nordfriesland
37%
NT Baden-Württemberg Nürtingen
37%
VB Hessen Vogelsbergkreis
37%
BM Nordrhein-Westfalen Bergheim
35%
KF Bayern Kaufbeuren
35%
OH Schleswig-Holstein Kreis Ostholstein
35%
MB Bayern Miesbach
35%
OG Baden-Württemberg Offenburg
35%
SL Schleswig-Holstein Schleswig
35%
ST Nordrhein-Westfalen Steinfurt
35%
TG Sachsen Torgau
35%
WW Rheinland-Pfalz Westerwaldkreis
35%
OD Schleswig-Holstein Bad Oldesloe
33%
Mecklenburg-Vorpommern Güstrow
33%
KB Hessen Korbach
33%
HZ Sachsen-Anhalt Landkreis Harz
33%
JL Sachsen-Anhalt Landkreis Jerichower Land
33%
RD Schleswig-Holstein Rendsburg
33%
AH Nordrhein-Westfalen Ahaus
32%
BK Baden-Württemberg Backnang
32%
BL Baden-Württemberg Balingen
32%
FT Rheinland-Pfalz Frankenthal (Pfalz)
32%
GR Sachsen Görlitz
32%
GM Nordrhein-Westfalen Gummersbach
32%
HY Sachsen Hoyerswerda
32%
KT Bayern Kitzingen
32%
MO Nordrhein-Westfalen Moers
32%
NB Mecklenburg-Vorpommern Neubrandenburg
32%
RH Bayern Roth
32%
SC Bayern Schwabach
32%
SU Nordrhein-Westfalen Siegburg
32%
ÜB Baden-Württemberg Überlingen
32%
VK Saarland Völklingen
32%
ZI Sachsen Zittau
32%
KG Bayern Bad Kissingen
30%
DH Niedersachsen Diepholz
30%
KC Bayern Kronach
30%
UM Brandenburg Landkreis Uckermark
30%
MK Nordrhein-Westfalen Märkischer Kreis
30%
NI Niedersachsen Nienburg/Weser
30%
TT Baden-Württemberg Tettnang
30%
WM Bayern Weilheim in Oberbayern
30%
ZZ Sachsen-Anhalt Zeitz
30%
EW Brandenburg Eberswalde
28%
FZ Hessen Fritzlar
28%
GV Nordrhein-Westfalen Grevenbroich
28%
IK Thüringen Ilm-Kreis
28%
EE Brandenburg Landkreis Elbe-Elster
28%
EL Niedersachsen Landkreis Emsland
28%
RZ Schleswig-Holstein Ratzeburg
28%
WN Baden-Württemberg Waiblingen
28%
WT Baden-Württemberg Waldshut-Tiengen
28%
WZ Hessen Wetzlar
28%
HK Niedersachsen Heidekreis
27%
HE Niedersachsen Helmstedt
27%
Sachsen-Anhalt Landkreis Börde
27%
GD Baden-Württemberg Schwäbisch Gmünd
27%
BE Nordrhein-Westfalen Beckum
25%
DZ Sachsen Delitzsch
25%
EG Bayern Eggenfelden
25%
GN Hessen Gelnhausen
25%
HS Nordrhein-Westfalen Heinsberg
25%
PM Brandenburg Landkreis Potsdam-Mittelmark
25%
TF Brandenburg Landkreis Teltow-Fläming
25%
VG Mecklenburg-Vorpommern Landkreis Vorpommern-Greifswald
25%
Bayern Mühldorf am Inn
25%
NM Bayern Neumarkt in der Oberpfalz
25%
NR Rheinland-Pfalz Neuwied am Rhein
25%
RP Rheinland-Pfalz Rhein-Pfalz-Kreis
25%
UH Thüringen Unstrut-Hainich-Kreis
25%
KH Rheinland-Pfalz Bad Kreuznach
23%
FI Brandenburg Finsterwalde
23%
GK Nordrhein-Westfalen Geilenkirchen
23%
GC Sachsen Glauchau
23%
KM Sachsen Kamenz
23%
LR Baden-Württemberg Lahr/Schwarzwald
23%
AS Bayern Landkreis Amberg-Sulzbach
23%
PR Brandenburg Landkreis Prignitz
23%
VR Mecklenburg-Vorpommern Landkreis Vorpommern-Rügen
23%
MN Bayern Mindelheim
23%
MW Sachsen Mittweida
23%
SK Sachsen-Anhalt Saalekreis
23%
SY Niedersachsen Syke
23%
TE Nordrhein-Westfalen Tecklenburg
23%
WF Niedersachsen Wolfenbüttel
23%
ZE Sachsen-Anhalt Zerbst/Anhalt
23%
BH Baden-Württemberg Bühl
22%
HR Hessen Homberg (Efze)
22%
LF Bayern Laufen
22%
NW Rheinland-Pfalz Neustadt an der Weinstraße
22%
OP Nordrhein-Westfalen Opladen (Leverkusen)
22%
OZ Sachsen Oschatz
22%
RU Thüringen Rudolstadt
22%
SM Thüringen Schmalkalden
22%
WA Hessen Waldeck
22%
WL Niedersachsen Winsen (Luhe)
22%
BF Nordrhein-Westfalen Burgsteinfurt (Steinfurt)
20%
DW Sachsen Dippoldiswalde
20%
EH Brandenburg Eisenhüttenstadt
20%
FW Brandenburg Fürstenwalde/Spree
20%
JE Sachsen-Anhalt Jessen (Elster)
20%
WB Sachsen-Anhalt Lutherstadt Wittenberg
20%
ND Bayern Neuburg an der Donau
20%
ZR Thüringen Zeulenroda-Triebes
20%
BK Sachsen-Anhalt Bördekreis
18%
DM Mecklenburg-Vorpommern Demmin
18%
OK Sachsen-Anhalt Ohrekreis
18%
OC Sachsen-Anhalt Oschersleben
18%
RI Niedersachsen Rinteln
18%
WG Baden-Württemberg Wangen im Allgäu
18%
WS Bayern Wasserburg am Inn
18%
WR Sachsen-Anhalt Wernigerode
18%
ZP Sachsen Zschopau
18%
AT Mecklenburg-Vorpommern Altentreptow
17%
GA Sachsen-Anhalt Gardelegen
17%
HV Sachsen-Anhalt Havelberg
17%
KK Nordrhein-Westfalen Kreis Kempen-Krefeld
17%
KY Brandenburg Kyritz
17%
LH Nordrhein-Westfalen Lüdinghausen
17%
PZ Brandenburg Prenzlau
17%
TP Brandenburg Templin
17%
AE Sachsen Auerbach/Vogtland
15%
CA Brandenburg Calau
15%
DL Sachsen Döbeln
15%
HC Sachsen Hainichen
15%
KW Brandenburg Königs Wusterhausen
15%
LC Brandenburg Luckau
15%
NH Thüringen Neuhaus am Rennweg
15%
NZ Mecklenburg-Vorpommern Neustrelitz
15%
EB Sachsen Eilenburg
13%
ML Sachsen-Anhalt Landkreis Mansfelder Land
13%
MQ Sachsen-Anhalt Landkreis Merseburg-Querfurt
13%
TO Sachsen Landkreis Torgau-Oschatz
13%
MC Mecklenburg-Vorpommern Malchin
13%
NY Sachsen Niesky
13%
PW Mecklenburg-Vorpommern Pasewalk
13%
PN Thüringen Pößneck
13%
RC Sachsen Reichenbach im Vogtland
13%
RM Mecklenburg-Vorpommern Röbel/Müritz
13%
RL Sachsen Rochlitz
13%
WK Brandenburg Wittstock/Dosse
13%
RG Sachsen Landkreis Riesa-Großenhain
12%
LN Brandenburg Lübben (Spreewald)
12%
RN Brandenburg Rathenow
8%
Keine übereinstimmenden Quizze gefunden
Verteilung der Resultate
Anzahl Personen mit jedem Resultat
Perzentil nach korrekt beantworteten Fragen
Ihre Resultats-Entwicklung
Sie haben dieses Quiz seit der letzten Aktualisierung nicht gespielt